|
|
|
|
| LEADER |
00000naa2a2200000 4500 |
| 001 |
178022 |
| 005 |
20231031165758.0 |
| 035 |
|
|
|a (RuTPU)RU\TPU\book\193005
|
| 090 |
|
|
|a 178022
|
| 100 |
|
|
|a 20100401d2008 k y0rusy50 ca
|
| 101 |
0 |
|
|a rus
|
| 102 |
|
|
|a RU
|
| 200 |
1 |
|
|a Термоэлектрические свойства пиритов из нефтеносных отложений Томской области
|f О. П. Селин, К. Б. Ерубаев
|g науч. рук. А. Я. Пшеничкин
|
| 320 |
|
|
|a Библиогр.: 5 назв.
|
| 463 |
|
0 |
|0 (RuTPU)RU\TPU\book\164908
|y 5-89503-079-3
|t Проблемы геологии и освоения недр
|o труды XII Международного симпозиума имени академика М. А. Усова студентов и молодых ученых, посвященного 100-летию первого выпуска горных инженеров в Сибири и 90-летию создания Сибгеолкома в России
|f Томский политехнический университет (ТПУ), Институт геологии и нефтегазового дела (ИГНД)
|v С. 127-130
|d 2008
|p 944 с.
|
| 610 |
1 |
|
|a пириты
|
| 610 |
1 |
|
|a термоэлектрические свойства
|
| 610 |
1 |
|
|a нефтеносные пласты
|
| 610 |
1 |
|
|a Томская область
|
| 610 |
1 |
|
|a труды учёных ТПУ
|
| 700 |
|
1 |
|a Селин
|b О. П.
|
| 701 |
|
1 |
|a Ерубаев
|b К. Б.
|
| 702 |
|
1 |
|a Пшеничкин
|b А. Я.
|4 727
|
| 801 |
|
1 |
|a RU
|b 63413507
|c 20100401
|
| 801 |
|
2 |
|a RU
|b 63413507
|c 20100401
|g RCR
|
| 942 |
|
|
|c BK
|